Analýza, návrh a implementácia prezentačnej web stránky konkrétnej firmy bakalárska práca

Saved in:
Bibliographic Details
Main Author: Janček, Ján
Corporate Author: Fakulta hospodárskej informatiky EU. Katedra aplikovanej informatiky
Other Authors: Pittner, Ján
Format: Book
Language:Slovak
Published: Bratislava 2011
Tags: Add Tag
No Tags, Be the first to tag this record!

MARC

LEADER 00000nbm a2200000 4500
001 0141039
005 20161109111730.1
041 0 |a slo 
044 |a SK 
245 1 0 |a Analýza, návrh a implementácia prezentačnej web stránky konkrétnej firmy  |b bakalárska práca  |c Ján Janček ; školiteľ: Ján Pittner 
264 1 |a Bratislava  |c 2011 
300 |a 33 s. 
100 1 |a Janček, Ján 
700 1 |a Pittner, Ján 
710 2 |a Fakulta hospodárskej informatiky EU. Katedra aplikovanej informatiky